Trade Unions and the private economy in Zambia (Record no. 60229)

MARC details
000 -LEADER
fixed length control field 00628nam a2200169 a 4500
008 - FIXED-LENGTH DATA ELEMENTS--GENERAL INFORMATION
fixed length control field 091202s1992 ||||||||||||||||| || u
050 ## - LIBRARY OF CONGRESS CALL NUMBER
Classification number PAPERS/STAFF
100 ## - MAIN ENTRY--PERSONAL NAME
Personal name Beele, E. M
245 10 - TITLE STATEMENT
Title Trade Unions and the private economy in Zambia
260 ## - PUBLICATION, DISTRIBUTION, ETC.
Place of publication, distribution, etc. Livingstone
Name of publisher, distributor, etc. Copperbelt University, School of Business
Date of publication, distribution, etc. 1992
300 ## - PHYSICAL DESCRIPTION
Extent 18p.
350 ## - PRICE (NR) (BK AM CF MU VM SE) [OBSOLETE]
Price 0.00
650 ## - SUBJECT ADDED ENTRY--TOPICAL TERM
Topical term or geographic name entry element LABOUR
650 ## - SUBJECT ADDED ENTRY--TOPICAL TERM
Topical term or geographic name entry element LABOUR UNIONS--EFFECTIVENESS--ZAMBIA
650 ## - SUBJECT ADDED ENTRY--TOPICAL TERM
Topical term or geographic name entry element LABOUR UNIONS--ZAMBIA
995 ## - RECOMMENDATION 995 [LOCAL, UNIMARC FRANCE]
-- 0.00
-- CBU-MAIN LIBRARY (Kitwe)
-- 1
-- 0.00
-- 1
-- AVAILABLE
-- Dec 2, 2009
-- University Collection
Holdings
Withdrawn status Lost status Source of classification or shelving scheme Damaged status Not for loan Home library Current library Shelving location Date acquired Total Checkouts Full call number Barcode Date last seen Price effective from Koha item type
          CBU-MAIN LIBRARY, KITWE. CBU-MAIN LIBRARY, KITWE.   11/30/2022   PAPERS/STAFF 03004937 11/30/2022 11/30/2022 MONOGRAPH